Biofizikus szak indul

Elmentve itt :
Bibliográfiai részletek
Dokumentumtípus: Cikk
Megjelent: 2001-01-24
Sorozat:Délmagyarország 91 No. 20
Kulcsszavak:Oktatás, biofizikus szak
Online Access:http://dmarchiv.bibl.u-szeged.hu/123810
LEADER 00402nab a2200145 i 4500
001 delm123810
005 20191105124654.0
008 191105s2001 hu o 0|| hun d
040 |a SZTE Délmagyarország Archívum  |b hun 
041 |a hun 
245 0 0 |a Biofizikus szak indul  |h [elektronikus dokumentum] 
260 |c 2001-01-24 
300 |a 6 
490 0 |a Délmagyarország  |v 91 No. 20 
695 |a Oktatás, biofizikus szak